ბათუმის შოთა რუსთაველის სახელმწიფო უნივერსიტეტის ბიბლიოთეკა

სისხლის სამართლის პრობლემები : (ბიბ.ჩანაწერი № 38974)

000 -ლიდერი
ფიქსირებული სიგრძის საკონტროლო ველი 01352nam a2200253Ia 4500
001 - საკონტროლო ნომერი
საკონტროლო ველი 5433
003 - საკონტროლო ნომრის იდენტიფიკატორი
საკონტროლო ველი GE_BSU
005 - ბოლო ოპერაციის თარიღი და დრო
საკონტროლო ველი 20200803121103.0
008 - ფიქსირებული სიგრძის მონაცემთა ელემენტები - ზოგადი ინფორმაცია
ფიქსირებული სიგრძის საკონტროლო ველი 181216s2010||||ge |||||||||||||| ||geo||
020 ## - წიგნის საერთაშორისო სტანდარტული ნომერი
International Standard Book Number 9789941102264
040 ## - კატალოგიზაციის წყარო
Transcribing agency GE_BSU
041 ## - ენის კოდი
Language code of text/sound track or separate title geo
080 ## - უნივერსალური ათობითი კლასიფიკაციის ინდექსი
Universal Decimal Classification number 343 წ-39
100 ## - მთავარი ჩანაწერი - პიროვნების სახელი
Personal name წერეთელი, თინათინ
9 (RLIN) 816
245 ## - ცნობა სათაურის შესახებ
Title სისხლის სამართლის პრობლემები :
Remainder of title ტ.4 /
Statement of responsibility, etc თინათინ წერეთელი ; [სარედ. კოლ.: გიორგი ხუბუა (მთ. რედ.) [და სხვ.] ; წინათქმა ოთარ გამყრელიძე] ; თ. წერეთლის სახელმწიფოსა და სამართლის ინ-ტი.
264 ## - წარმოების, გამოცემის, დისტრიბუციის და სხვა ცნობები
გამოცემის, წარმოების, დისტრიბუციის... ადგილი თბილისი :
გამოცემის, წარმოების, დისტრიბუციის... სახელწოდება მერიდიანი,
გამოცემის, წარმოების, დისტრიბუციის... თარიღი 2010.
300 ## - ფიზიკური აღწერა
Extent 467 გვ.
Other physical details 20 სმ. ფოტ.
501 ## - შენიშვნა თანმხლებ მასალაზე
With note დანართი: გვ. 451-464.
504 ## - BIBLIOGRAPHY, ETC. NOTE
Bibliography, etc ბიბლიოგრაფია ტექსტის შენიშვნებში.
653 ## - INDEX TERM--UNCONTROLLED
Uncontrolled term სისხლის სამართალი
653 ## - INDEX TERM--UNCONTROLLED
Uncontrolled term ანდრონიკაშვილი, ლუარსაბ.
700 ## - ADDED ENTRY--PERSONAL NAME
Personal name ხუბუა, გიორგი
Fuller form of name რედაქტორი
9 (RLIN) 9094
942 ## - ADDED ENTRY ELEMENTS (KOHA)
Koha item type წიგნი
Source of classification or shelving scheme
ეგზემპლარები
ჩამოწერის სტატუსი დაკარგული ეგზემპლარის სტატუსი კლასიფიკაციის წყარო ან თაროზე გაწყობის სქემა დაზიანების სტატუსი არ გაიცემა მუდმივი მდებარეობა (დაცვის ადგილი) ამჟამინდელი ადგილსამყოფელი თაროზე განთავსების ადგილი შეძენის თარიღი ღირებულება, შესყიდვის ნორმალური ფასი სრული შენახვის შიფრი შტრიხკოდი ბოლო ოპერაციის თარიღი ეგზემპლარის მიმდევრობითი ნომერი (კეტერი?) ფასის ძალაში შესვლის თარიღი ეგზემპლარის სახეობა საჯარო შენიშვნა
          ბათუმის შოთა რუსთაველის სახელმწიფო უნივერსიტეტის მთავარი ბიბლიოთეკა ბათუმის შოთა რუსთაველის სახელმწიფო უნივერსიტეტის მთავარი ბიბლიოთეკა წიგნსაცავი 2018-12-17 12.00 343 წ-39 6444 2018-12-17 6444 2018-12-17 წიგნი 12.00
          ბათუმის შოთა რუსთაველის სახელმწიფო უნივერსიტეტის მთავარი ბიბლიოთეკა ბათუმის შოთა რუსთაველის სახელმწიფო უნივერსიტეტის მთავარი ბიბლიოთეკა წიგნსაცავი 2020-08-03 12.00 343 წ-39 60763 2020-08-03 60763 2020-08-03 წიგნი 12 ლ.